The spirit of global health [electronic resource] / (Record no. 52841)
[ view plain ]
| 000 -LEADER | |
|---|---|
| fixed length control field | 01697nam a22003015i 4500 |
| 001 - CONTROL NUMBER | |
| control field | 22421860 |
| 005 - DATE AND TIME OF LATEST TRANSACTION | |
| control field | 20240520151612.0 |
| 008 - FIXED-LENGTH DATA ELEMENTS--GENERAL INFORMATION | |
| fixed length control field | 220214s2022 nyu 000 0 eng |
| 010 ## - LIBRARY OF CONGRESS CONTROL NUMBER | |
| LC control number | 2022932835 |
| 020 ## - INTERNATIONAL STANDARD BOOK NUMBER | |
| International Standard Book Number | 9780192865502 |
| 020 ## - INTERNATIONAL STANDARD BOOK NUMBER | |
| International Standard Book Number | 9780192689245 |
| 040 ## - CATALOGING SOURCE | |
| Original cataloging agency | DLC |
| Language of cataloging | eng |
| Description conventions | rda |
| Transcribing agency | DLC |
| 042 ## - AUTHENTICATION CODE | |
| Authentication code | pcc |
| 100 1# - MAIN ENTRY--PERSONAL NAME | |
| Personal name | Peng-Keller, Simon, |
| Relator term | author. |
| 245 14 - TITLE STATEMENT | |
| Title | The spirit of global health [electronic resource] / |
| Statement of responsibility, etc | Simon Peng-Keller, Fabian Winiger, Raphael Rauch. |
| 260 ## - PUBLICATION, DISTRIBUTION, ETC. (IMPRINT) | |
| Place of publication, distribution, etc | New York : |
| Name of publisher, distributor, etc | Oxford University Press, |
| Date of publication, distribution, etc | c2022. |
| 263 ## - PROJECTED PUBLICATION DATE | |
| Projected publication date | 2208 |
| 300 ## - PHYSICAL DESCRIPTION | |
| Extent | 265 pg ; |
| 336 ## - CONTENT TYPE | |
| Content Type Term | text |
| Content Type Code | txt |
| Source | rdacontent |
| 337 ## - MEDIA TYPE | |
| Media Type Term | computer |
| Media Type Code | n |
| Source | rdamedia |
| 338 ## - CARRIER TYPE | |
| Carrier Type Term | online resource |
| Carrier Type Code | nc |
| Source | rdacarrier |
| 505 0# - FORMATTED CONTENTS NOTE | |
| Formatted contents note | Introduction<br/>Holistic ideals and the 'Spirit' of international health<br/>Ennobling ideas: the World Health Assembly debates the 'Spiritual dimension' (1983-1984)<br/>From religious revival to health policy: the WHO's Eastern Mediterranean Office (1981-2006)<br/>The spirituality of others and the WHO discourse on traditional medicine<br/>Spiritual care in the context of palliative care and HIV/AIDS<br/>Spirituality, religiousness, and personal beliefs in the WHO's quality of life measurement instrument (WHOQOL-SRPB)<br/>Attempts to reform the WHO definition of health (1997-1999)<br/>Developments in the new millennium<br/>Synthesis and outlook: the spiritual dimension in global health<br/>Epilogue: The WHO and religious actors during the Covid-19 pandemic |
| 655 #4 - INDEX TERM--GENRE/FORM | |
| Genre/form data or focus term | Electronic books |
| 700 1# - ADDED ENTRY--PERSONAL NAME | |
| Personal name | Winiger, Fabian, |
| Relator term | author. |
| 700 1# - ADDED ENTRY--PERSONAL NAME | |
| Personal name | Rauch, Raphael, |
| Relator term | author. |
| 856 ## - ELECTRONIC LOCATION AND ACCESS | |
| Uniform Resource Identifier | <a href="https://drive.google.com/file/d/1Z42Y0--TOLb-0dppgkKbn93MPN0KIayq/view?usp=drive_link">https://drive.google.com/file/d/1Z42Y0--TOLb-0dppgkKbn93MPN0KIayq/view?usp=drive_link</a> |
| 942 ## - ADDED ENTRY ELEMENTS (KOHA) | |
| Source of classification or shelving scheme | Library of Congress Classification |
| Item type | eBooks |
| Withdrawn status | Lost status | Source of classification or shelving scheme | Damaged status | Not for loan | Home library | Current library | Date acquired | Inventory number | Total Checkouts | Date last seen | Price effective from | Koha item type |
|---|---|---|---|---|---|---|---|---|---|---|---|---|
| Library of Congress Classification | BSOP Library | Digital Library | 05/20/2024 | eB-01142 | 05/20/2024 | 05/20/2024 | eBooks |
